Ley de aguas de 13 de junio de 1879 / (Record no. 153741)

MARC details
000 -LEADER
campo de control de longitud fija 00953nam a2200229 i 4500
001 - NÚMERO DE CONTROL
campo de control 153741
003 - IDENTIFICADOR DE NÚMERO DE CONTROL
campo de control ES-MaACL
005 - FECHA Y HORA DE LA ÚLTIMA TRANSACCIÓN
campo de control 20250919135044.0
008 - DATOS DE LONGITUD FIJA--INFORMACIÓN GENERAL
campo de control de longitud fija 931025s1879 sp |||| | spa d
110 1# - ENTRADA PRINCIPAL--NOMBRE DE ENTIDAD CORPORATIVA
Nombre de entidad corporativa o nombre de jurisdicción como elemento de entrada España
9 (RLIN) 3622
240 10 - TÍTULO UNIFORME
Título uniforme Ley de aguas, 1879
245 10 - MENCIÓN DEL TÍTULO
Título Ley de aguas de 13 de junio de 1879 /
Mención de responsabilidad, etc. con comentarios, referencias y notas críticas por D. Melchor de Palau.
250 ## - MENCION DE EDICION
Mención de edición 2ª ed. aum.
260 ## - PUBLICACIÓN, DISTRIBUCIÓN, ETC.
Lugar de publicación, distribución, etc. Madrid :
Nombre del editor, distribuidor, etc. Librería de Antonio de Sanmartín ;
Lugar de publicación, distribución, etc. Barcelona :
Nombre del editor, distribuidor, etc. Texidó y Parera,
Fecha de publicación, distribución, etc. [1879] (
Lugar de fabricación/manufactura Barcelona :
Fabricante Imp. de la Renaixensa)
300 ## - DESCRIPCIÓN FÍSICA
Extensión 205 p. ;
Dimensiones 20 cm.
530 ## - NOTA DISPONIBLE DE FORMULARIO FÍSICO ADICIONAL
Nota de formato físico adicional disponible Disponible en formato digital.
650 #4 - PUNTO DE ACCESO ADICIONAL DE MATERIA--TÉRMINO DE MATERIA
Término de materia o nombre geográfico como elemento de entrada Agua-
Subdivisión de forma Legislación-
Subdivisión geográfica España.
9 (RLIN) 9695
700 1# - ENTRADA AGREGADA--NOMBRE PERSONAL
Nombre de persona Palau y Catalá, Melchor de,
Fechas asociadas al nombre 1843-1910
9 (RLIN) 130794
852 4# - LOCALIZACIÓN
Ubicación ES-MaACL
Número de control de estantería G-11665
Nota libre - Enc. hol. conservando cub. original
856 4# - LOCALIZACIÓN Y ACCESO ELECTRÓNICOS
Identificador Uniforme de Recursos <a href="http://bdh-rd.bne.es/viewer.vm?id=0000137481&page=1 ">http://bdh-rd.bne.es/viewer.vm?id=0000137481&page=1 </a>
Nota pública Biblioteca Digital Hispánica
Holdings
Estatus retirado Estado de pérdida Estado de daño No para préstamo Colección Biblioteca de origen Biblioteca actual Ubicación en estantería Fecha de adquisición Fuente de adquisición Total de préstamos Signatura topográfica completa Código de barras Visto por última vez Precio de reemplazo Tipo de ítem Koha
        Colección digital Biblioteca del Ateneo de Madrid Biblioteca del Ateneo de Madrid Sala Pecera Planta 3 17/01/2008     G-11665 1160727 23/02/2023 23/02/2023 Libro impreso antiguo